[Event "FIDE Grand Prix - Gironi Preliminari"]
[Site "Belgrado"]
[Date "03.03.2022"]
[Round "3B"]
[White "Harikrishna, Pentala"]
[Black "Giri, Anish"]
[Result "1/2-1/2"]
[WhiteElo "2719"]
[BlackElo "2772"]
[EventDate "2022.03.01"]

1. e4 e5 2. Nf3 Nc6 3. Bb5 a6 4. Ba4 Nf6 5. O-O Nxe4 6. d4 b5 7. Bb3 d5 8.
dxe5 Be6 9. Nbd2 Nc5 10. c3 Be7 11. Bc2 d4 12. Nb3 d3 13. Bb1 Nxb3 14. axb3
Bf5 15. Be3 O-O 16. Bd4 Qd5 17. Re1 b4 18. Bxd3 Bxd3 19. Qxd3 bxc3 20. bxc3
Qxb3 21. e6 fxe6 22. Qe2 a5 23. c4 Qxf3 24. gxf3 Nxd4 25. Qe4 Nxf3+ 26. Kh1
Nxe1 27. Qxe6+ Rf7 28. Rxe1 Raf8 29. Rd1 Kh8 30. Rd7 Rxf2 31. Qxe7 Rf1+ 32.
Kg2 R1f2+ 33. Kg1 Rf1+ 34. Kg2 R1f2+ 35. Kg1 1/2-1/2

[Event "FIDE Grand Prix - Gironi Preliminari"]
[Site "Belgrado"]
[Date "07.03.2022"]
[Round "6A"]
[White "Grischuk, Alexander"]
[Black "Shankland, Sam"]
[Result "1/2-1/2"]
[WhiteElo "2764"]
[BlackElo "2708"]
[EventDate "2022.03.01"]

1. e4 c5 2. Nf3 d6 3. Bb5+ Nd7 4. d4 cxd4 5. Nxd4 Ngf6 6. c4 g6 7. Nc3 Bg7
8. O-O O-O 9. Bxd7 Bxd7 10. Qd3 a6 11. a4 Ng4 12. Nf3 b5 13. axb5 axb5 14.
Rxa8 Qxa8 15. cxb5 Bxc3 16. bxc3 Qa4 17. Qd4 Bxb5 18. Qxa4 Bxa4 19. h3 Nf6
20. e5 dxe5 21. Nxe5 Rc8 22. Ba3 Rxc3 23. Bxe7 Nd5 24. Ra1 Nxe7 25. Rxa4
Rc7 26. Rc4 Rxc4 27. Nxc4 Kg7 28. g3 Kf6 29. Kg2 Ke6 30. Nd2 f6 1/2-1/2

[Event "FIDE Grand Prix - Gironi Preliminari"]
[Site "Belgrado"]
[Date "07.03.2022"]
[Round "6D"]
[White "Yu, Yangyi"]
[Black "Predke, Alexandr"]
[Result "0-1"]
[WhiteElo "2713"]
[BlackElo "2682"]
[EventDate "2022.03.01"]

1. e4 e5 2. Nf3 Nc6 3. Bb5 a6 4. Ba4 Nf6 5. O-O Be7 6. Re1 b5 7. Bb3 d6 8.
c3 O-O 9. h3 Re8 10. d4 Bb7 11. Nbd2 Bf8 12. Bc2 Nb8 13. b3 Nbd7 14. d5 c6
15. c4 Nb6 16. Rb1 Qc7 17. Bd3 Nfd7 18. Ba3 Nc5 19. Bf1 Qd7 20. Rc1 Rac8
21. Bxc5 dxc5 22. a4 b4 23. a5 Na8 24. h4 Nc7 25. g3 Rcd8 26. Bg2 Bc8 27.
Nf1 cxd5 28. cxd5 Nb5 29. Ne3 Qc7 30. Ra1 g6 31. Qd3 f5 32. h5 fxe4 33.
Qxe4 Nd6 34. Qh4 Be7 35. Qh1 e4 36. Nd2 Bf6 37. Rad1 Bc3 38. Re2 Re5 39.
hxg6 hxg6 40. Qh6 Qg7 41. Qh4 Rf8 42. Ndc4 Rh5 43. Nxd6 Rxh4 44. gxh4 Bd7
45. Nxe4 Bd4 46. d6 Qh8 47. Nc2 Bg4 48. Nxd4 cxd4 49. f3 Bf5 50. Red2 Bxe4
51. fxe4 Qxh4 52. d7 Kg7 53. Rf1 Rxf1+ 54. Kxf1 Qf4+ 55. Ke1 Qd6 56. Bh3 d3
57. Bf1 Qg3+ 58. Kd1 Qf3+ 59. Ke1 Qxe4+ 60. Kf2 Qf4+ 61. Kg1 Qd4+ 62. Kg2
Qd5+ 63. Kg1 Qxd7 64. Rxd3 Qf5 65. Rg3 Qxa5 66. Bd3 g5 67. Kf2 Qc5+ 68. Ke2
a5 69. Rf3 Qe5+ 70. Kf2 Qd4+ 71. Kf1 g4 72. Rg3 Qf4+ 73. Kg2 Qd2+ 74. Kg1
Kf6 75. Bf1 Qd4+ 76. Kg2 Qe4+ 77. Kf2 Qf4+ 78. Kg2 Kg5 79. Be2 Kh4 80. Rd3
Qe5 81. Bf1 g3 82. Kg1 Qc5+ 83. Kg1 Qf2 0-1